[Event "Schachfestival Basel"]
[Site "?"]
[Date "2017.01.02"]
[Round "1.51"]
[White "Stillger, Bernhard"]
[Black "Kaeppeli, Adriano"]
[Result "1-0"]
[WhiteElo "2261"]
[BlackElo "1952"]
[PlyCount "53"]
[EventDate "2017.01.??"]
[EventType "swiss"]
[EventRounds "9"]

1. c4 c5 2. Nf3 Nc6 3. Nc3 g6 4. e3 Bg7 5. d4 cxd4 6. exd4 e6 7. d5 Ne5 8. Nd4
d6 9. Be2 Nf6 10. dxe6 fxe6 11. O-O O-O 12. Be3 d5 13. cxd5 exd5 14. Qb3 Kh8
15. h3 Nc6 16. Rad1 Re8 17. Nf3 Be6 18. Qxb7 Na5 19. Qa6 Bc8 20. Qb5 Bd7 21.
Qc5 Nc6 22. Nxd5 Bf8 23. Qc3 Bg7 24. Nxf6 Bxf6 25. Rxd7 Bxc3 26. Rxd8 Raxd8 27.
bxc3 1-0

[Event "Schachfestival Basel"]
[Site "?"]
[Date "2017.01.02"]
[Round "1.53"]
[White "Brait, Wolfgang"]
[Black "Harringer, Manfred"]
[Result "1/2-1/2"]
[WhiteElo "1923"]
[BlackElo "2009"]
[PlyCount "63"]
[EventDate "2017.01.??"]
[EventType "swiss"]
[EventRounds "9"]

1. d4 d5 2. c4 c6 3. cxd5 cxd5 4. Nf3 Nf6 5. Bf4 e6 6. Nc3 Bd6 7. Bxd6 Qxd6 8.
e3 O-O 9. Bd3 Nc6 10. O-O e5 11. Nb5 Qe7 12. dxe5 Nxe5 13. Nbd4 Bg4 14. Be2
Rac8 15. Nxe5 Bxe2 16. Qxe2 Qxe5 17. Rac1 Ne4 18. Rc2 Rxc2 19. Qxc2 g6 20. Rc1
Re8 21. Nf3 Qe6 22. h3 Kg7 23. b4 Qf6 24. Qd1 Qb2 25. Qd4+ Qxd4 26. Nxd4 Kf6
27. Ne2 Re7 28. Nf4 Ke5 29. f3 Nf6 30. Kf2 Kd6 31. Ke2 Nd7 32. Rd1 1/2-1/2

[Event "Schachfestival Basel"]
[Site "?"]
[Date "2017.01.03"]
[Round "2.1"]
[White "Akshat, Kamparia"]
[Black "Safarli, Eltaj"]
[Result "1/2-1/2"]
[WhiteElo "2358"]
[BlackElo "2686"]
[PlyCount "83"]
[EventDate "2017.01.??"]
[EventType "swiss"]
[EventRounds "9"]

1. d4 Nf6 2. c4 g6 3. Nc3 d5 4. e3 Bg7 5. Qb3 dxc4 6. Bxc4 O-O 7. Nf3 c5 8. d5
a6 9. a4 Ne8 10. O-O Nd6 11. e4 b5 12. Be2 b4 13. e5 bxc3 14. exd6 Qxd6 15.
bxc3 Nd7 16. Ra3 Rb8 17. Qa2 Nf6 18. c4 Bf5 19. Bb2 Ne4 20. Bxg7 Kxg7 21. Bd3
Qf6 22. Bxe4 Bxe4 23. Qe2 Bxf3 24. Rxf3 Qd6 25. Re3 Rb7 26. f4 Rfb8 27. f5 Rb1
28. fxg6 Rxf1+ 29. Qxf1 hxg6 30. Rf3 f5 31. Re3 Qf6 32. Re6 Qd4+ 33. Kh1 Qxc4
34. Qe1 Qxd5 35. Rxe7+ Kf8 36. h3 Rb1 37. Re8+ Kf7 38. Qxb1 Kxe8 39. Qb8+ Qd8
40. Qe5+ Qe7 41. Qd5 Qd7 42. Qg8+ 1/2-1/2

[Event "Schachfestival Basel"]
[Site "?"]
[Date "2017.01.03"]
[Round "2.1"]
[White "Heimann, Andreas"]
[Black "Warmerdam, Max"]
[Result "1/2-1/2"]
[WhiteElo "2603"]
[BlackElo "2350"]
[PlyCount "159"]
[EventDate "2017.01.??"]
[EventType "swiss"]
[EventRounds "9"]

1. d4 Nf6 2. c4 g6 3. Nc3 d5 4. cxd5 Nxd5 5. Bd2 Nb6 6. e3 Bg7 7. f4 N8d7 8.
Nf3 O-O 9. Ne4 Nf6 10. Bd3 Nxe4 11. Bxe4 Nc4 12. Rc1 Nd6 13. Bd3 Bf5 14. Qc2
Bxd3 15. Qxd3 c6 16. O-O Qb6 17. Rc2 e6 18. Rfc1 Rfd8 19. Be1 a5 20. a4 Ne8 21.
Nd2 Rd5 22. Nc4 Qc7 23. Bg3 f5 24. Qb3 Ra6 25. Be1 Nf6 26. Ne5 Ne4 27. Nd3 Bf8
28. Qc4 Bd6 29. b4 axb4 30. Bxb4 Ra7 31. Qb3 Bxb4 32. Nxb4 Rd6 33. Nd3 Qa5 34.
Nb2 Rd5 35. Nc4 Qxa4 36. Qxa4 Rxa4 37. Nb6 Ra3 38. Nxd5 exd5 39. Rb2 Nd6 40.
Kf2 Kf7 41. Rcc2 Ke6 42. Ra2 Rb3 43. Rcb2 Rc3 44. Ra7 h5 45. Ke2 Rc1 46. h3 Kf6
47. Raxb7 Nxb7 48. Rxb7 Ke6 49. Rc7 Kf6 50. Kd2 Rc4 51. Ke2 Rc1 52. Kf3 Rf1+
53. Kg3 Rc1 54. Kf2 Ke6 55. Kf3 Rf1+ 56. Kg3 Rc1 57. Kh4 Kf6 58. Rd7 Ke6 59.
Rg7 Kf6 60. Rd7 Ke6 61. Rg7 Kf6 62. Rc7 Rc3 63. g4 hxg4 64. hxg4 fxg4 65. Kxg4
Rc1 66. Rc8 Rc3 67. Kf3 Rc2 68. Rf8+ Ke7 69. Ra8 Kf6 70. Rc8 Ke6 71. Kg4 Kf6
72. Rf8+ Ke7 73. Ra8 Kf6 74. Ra5 Rg2+ 75. Kf3 Rc2 76. Ra8 Ke6 77. Ra7 Kf6 78.
Ra5 Ke6 79. Kg4 Rg2+ 80. Kf3 1/2-1/2

[Event "Schachfestival Basel"]
[Site "?"]
[Date "2017.01.03"]
[Round "2.3"]
[White "Van Foreest, Lucas"]
[Black "Abasov, Nijat Azad"]
[Result "1/2-1/2"]
[WhiteElo "2356"]
[BlackElo "2561"]
[PlyCount "24"]
[EventDate "2017.01.??"]
[EventType "swiss"]
[EventRounds "9"]

1. e4 e5 2. Nf3 Nc6 3. Bc4 Bc5 4. O-O Nf6 5. d3 O-O 6. a4 d5 7. exd5 Nxd5 8.
Nbd2 Bg4 9. h3 Bh5 10. Ne4 Be7 11. Ng3 Bg6 12. Re1 Bf6 1/2-1/2

[Event "Schachfestival Basel"]
[Site "?"]
[Date "2017.01.03"]
[Round "2.4"]
[White "Bai, Jinshi"]
[Black "Bao, Qilin"]
[Result "1/2-1/2"]
[WhiteElo "2560"]
[BlackElo "2343"]
[PlyCount "40"]
[EventDate "2017.01.??"]
[EventType "swiss"]
[EventRounds "9"]

1. d4 d5 2. Nf3 Bf5 3. c4 e6 4. Nc3 Nc6 5. cxd5 exd5 6. Bf4 Bd6 7. Nxd5 Be4 8.
Nc3 Bxf3 9. Bxd6 Qxd6 10. gxf3 Qxd4 11. Qxd4 Nxd4 12. O-O-O Ne6 13. e3 Nf6 14.
f4 g6 15. Bc4 Ke7 16. b4 Rhd8 17. f3 c6 18. a3 Rxd1+ 19. Rxd1 Rd8 20. Re1 b5
1/2-1/2

[Event "Schachfestival Basel"]
[Site "?"]
[Date "2017.01.03"]
[Round "2.5"]
[White "Heinz, Timothee"]
[Black "Svane, Rasmus"]
[Result "0-1"]
[WhiteElo "2346"]
[BlackElo "2560"]
[PlyCount "88"]
[EventDate "2017.01.??"]
[EventType "swiss"]
[EventRounds "9"]

1. d4 d5 2. c4 e6 3. Nf3 Nf6 4. Bg5 h6 5. Bh4 Bb4+ 6. Nc3 dxc4 7. Qa4+ Nc6 8.
a3 Bxc3+ 9. bxc3 Qd5 10. Bxf6 gxf6 11. Nd2 b5 12. Qd1 a6 13. e4 Qd6 14. Qg4 e5
15. Qg7 Rf8 16. d5 Ne7 17. Qxh6 Bb7 18. g3 O-O-O 19. a4 f5 20. Qxd6 cxd6 21.
axb5 axb5 22. Bh3 Rh8 23. Bxf5+ Nxf5 24. exf5 Bxd5 25. f3 Bc6 26. h4 d5 27. Ke2
d4 28. Ne4 Kb7 29. Rhc1 Bxe4 30. fxe4 Kb6 31. Ra3 Rhg8 32. Kf3 d3 33. Rca1 d2
34. Rd1 Rd3+ 35. Kf2 b4 36. Ra4 bxc3 37. Rxc4 Rdxg3 38. Ke2 Rg2+ 39. Kd3 Rg1
40. Rb4+ Kc5 41. Rbb1 R8g3+ 42. Kc2 Rxd1 43. Rxd1 Kc4 44. Rh1 Re3 0-1

[Event "Schachfestival Basel"]
[Site "?"]
[Date "2017.01.03"]
[Round "2.6"]
[White "Donchenko, Alexander"]
[Black "Faibisovich, Vadim Z"]
[Result "1-0"]
[WhiteElo "2559"]
[BlackElo "2320"]
[PlyCount "107"]
[EventDate "2017.01.??"]
[EventType "swiss"]
[EventRounds "9"]

1. d4 Nf6 2. c4 e6 3. g3 d5 4. Nf3 dxc4 5. Bg2 Nc6 6. Qa4 Bd7 7. Qxc4 Rc8 8.
O-O Bd6 9. Nc3 O-O 10. Rd1 a6 11. Ne5 b5 12. Nxc6 bxc4 13. Nxd8 Rcxd8 14. e4 e5
15. Bg5 h6 16. Bxf6 gxf6 17. Bf1 Rb8 18. Nd5 Kg7 19. Rab1 Bg4 20. Rd2 Bf3 21.
Bg2 Bxg2 22. Kxg2 Rfe8 23. Kf3 Rb5 24. dxe5 Rxe5 25. g4 Re8 26. h3 Reb8 27. Rc2
Be5 28. Rxc4 Rxb2 29. Rxb2 Rxb2 30. Ra4 c5 31. Rxa6 Bd4 32. Ne3 Bxe3 33. Kxe3
c4 34. a4 c3 35. a5 c2 36. Kd2 c1=Q+ 37. Kxc1 Rxf2 38. Rb6 Ra2 39. Rb5 Re2 40.
Rb2 Rxe4 41. Ra2 Re7 42. a6 Ra7 43. Kd2 f5 44. gxf5 Kf6 45. Ra5 Kg5 46. Ke3 Kh4
47. f6 Kxh3 48. Kf4 Kh4 49. Ra1 Kh5 50. Kf5 Kh4 51. Ra3 h5 52. Ra4+ Kg3 53. Kg5
h4 54. Ra3+ 1-0

[Event "Schachfestival Basel"]
[Site "?"]
[Date "2017.01.03"]
[Round "2.7"]
[White "Beeke, Bob"]
[Black "Schroeder, Jan Christian"]
[Result "0-1"]
[WhiteElo "2315"]
[BlackElo "2550"]
[PlyCount "120"]
[EventDate "2017.01.??"]
[EventType "swiss"]
[EventRounds "9"]

1. Nf3 Nf6 2. d4 b6 3. Bg5 Ne4 4. Bh4 Bb7 5. Nbd2 g6 6. Nxe4 Bxe4 7. Nd2 Bb7 8.
e4 Bg7 9. c3 d5 10. e5 Qc8 11. Be2 Ba6 12. Bg4 e6 13. Be2 Bxe2 14. Qxe2 Qa6 15.
Qe3 c5 16. Ne4 dxe4 17. Qxe4 O-O 18. Qxa8 cxd4 19. f4 dxc3 20. bxc3 Qc4 21. Qf3
Bxe5 22. fxe5 Qxh4+ 23. Qf2 Qe4+ 24. Qe2 Qxe2+ 25. Kxe2 Nd7 26. a4 Rc8 27. a5
Nxe5 28. axb6 axb6 29. Rhb1 Rxc3 30. Rxb6 Rc2+ 31. Kf1 Ng4 32. Kg1 Ne3 33. g3
h5 34. Rba6 Rg2+ 35. Kh1 Rf2 36. R6a2 Rf5 37. Kg1 Kg7 38. Ra5 Nd5 39. Rf1 Re5
40. Ra7 Nf6 41. h4 g5 42. hxg5 Rxg5 43. Kg2 Kg6 44. Kh3 Rb5 45. Rf2 Ne4 46.
Rfa2 Rg5 47. R2a3 Rd5 48. Ra2 Rd1 49. Ra8 f5 50. Rg8+ Kf7 51. Rh8 Kg7 52. Rxh5
Rd3 53. Rg2 Kg6 54. Rh8 Ng5+ 55. Kh2 Nf3+ 56. Kh3 Ng5+ 57. Kh2 Nf3+ 58. Kh3 Rd1
59. g4 f4 60. Ra2 Rg1 0-1

[Event "Schachfestival Basel"]
[Site "?"]
[Date "2017.01.03"]
[Round "2.8"]
[White "Gao, Rui"]
[Black "Schmitz, Thorsten"]
[Result "1-0"]
[WhiteElo "2544"]
[BlackElo "2314"]
[PlyCount "83"]
[EventDate "2017.01.??"]
[EventType "swiss"]
[EventRounds "9"]

1. e4 e5 2. Nf3 Nc6 3. Bb5 a6 4. Ba4 Nf6 5. O-O b5 6. Bb3 Bb7 7. Re1 Bc5 8. c3
O-O 9. d4 Bb6 10. Bg5 d6 11. Qd3 h6 12. Bh4 Re8 13. Nbd2 Na5 14. Bc2 c5 15. d5
c4 16. Qe2 Bc8 17. b4 cxb3 18. axb3 Bd7 19. Bd3 g5 20. Nxg5 hxg5 21. Bxg5 Kg7
22. b4 Nc4 23. Nxc4 bxc4 24. Bxc4 Qc8 25. Be3 Bxe3 26. Qxe3 Nh7 27. Bf1 Qb7 28.
Qd2 Rg8 29. Kh1 Kh8 30. Re3 Rg6 31. c4 f5 32. c5 f4 33. c6 Qb6 34. Rc3 Bc8 35.
c7 Nf6 36. Rc6 Qb7 37. f3 Ne8 38. Raxa6 Nxc7 39. Rxc7 Qxa6 40. Bxa6 Bxa6 41.
Qf2 Rh6 42. Ra7 1-0

[Event "Schachfestival Basel"]
[Site "?"]
[Date "2017.01.03"]
[Round "2.9"]
[White "Karthikeyan, P."]
[Black "Gomes, Mary Ann"]
[Result "1/2-1/2"]
[WhiteElo "2488"]
[BlackElo "2299"]
[PlyCount "124"]
[EventDate "2017.01.??"]
[EventType "swiss"]
[EventRounds "9"]

1. Nf3 c5 2. c4 Nc6 3. d4 cxd4 4. Nxd4 g6 5. e4 Bg7 6. Be3 Nf6 7. Nc3 O-O 8.
Be2 Nxd4 9. Bxd4 d6 10. Qd2 Be6 11. O-O Qa5 12. Rad1 Rfc8 13. b3 Nd7 14. Nd5
Qd8 15. Bxg7 Kxg7 16. Nf4 Nf6 17. e5 dxe5 18. Nxe6+ fxe6 19. Qc3 Qc7 20. Bf3
Rd8 21. Rfe1 Rxd1 22. Rxd1 Rc8 23. a4 b6 24. Re1 Nd7 25. Bg4 Qd6 26. Rd1 Qc6
27. h4 Rf8 28. h5 Rf6 29. hxg6 hxg6 30. b4 Rf4 31. Be2 Nf6 32. Qxe5 Re4 33. Bf3
Qxa4 34. Qc3 e5 35. Rc1 Rd4 36. c5 Qxb4 37. Qxb4 Rxb4 38. c6 Ne8 39. c7 Nd6 40.
c8=Q Nxc8 41. Rxc8 e4 42. Bd1 Rb1 43. Rd8 a5 44. Kh2 b5 45. Bc2 Rb4 46. Ra8 a4
47. Ra6 Kf7 48. Kg3 g5 49. Bd1 Rb2 50. Bh5+ Kg7 51. Rg6+ Kf8 52. Rxg5 a3 53.
Bg4 Rb3+ 54. Kh4 e6 55. Rg8+ Kf7 56. Ra8 b4 57. Ra6 Rb2 58. Bxe6+ Ke7 59. Kg3
b3 60. Bxb3 Rxb3+ 61. Kf4 Rb2 62. Rxa3 Rxf2+ 1/2-1/2

[Event "Schachfestival Basel"]
[Site "?"]
[Date "2017.01.03"]
[Round "2.10"]
[White "Eichler, Christoph"]
[Black "Deepan Chakkravarthy, J."]
[Result "0-1"]
[WhiteElo "2312"]
[BlackElo "2485"]
[PlyCount "104"]
[EventDate "2017.01.??"]
[EventType "swiss"]
[EventRounds "9"]

1. e4 g6 2. d4 Bg7 3. Nc3 a6 4. a4 d6 5. Nf3 Bg4 6. Be3 Nc6 7. d5 Ne5 8. Be2
Bxf3 9. gxf3 Nf6 10. f4 Ned7 11. h4 e6 12. dxe6 fxe6 13. h5 Qe7 14. hxg6 hxg6
15. Rg1 O-O-O 16. Qd2 Qf7 17. O-O-O Nh5 18. Bc4 Bxc3 19. Qxc3 Nxf4 20. Kb1 Ne5
21. Bf1 Nh3 22. Bxh3 Rxh3 23. Rh1 Rxh1 24. Rxh1 Ng4 25. Rg1 Nxe3 26. Qxe3 Kb8
27. f4 Rf8 28. Rg4 Rh8 29. Qg1 Rh6 30. b3 b6 31. Ka2 Qf6 32. Qg2 Ka7 33. e5
dxe5 34. fxe5 Qxe5 35. Rxg6 Rxg6 36. Qxg6 Qd5 37. Qf7 Kb7 38. c4 Qd2+ 39. Ka3
e5 40. Qh7 Qd4 41. Ka2 e4 42. Qh1 Kb8 43. a5 bxa5 44. Qh6 e3 45. Qf8+ Ka7 46.
Qf7 Qe5 47. Qf3 Qe7 48. Qe2 Qe4 49. Qh5 Qc2+ 50. Ka3 Qc1+ 51. Ka2 Qd2+ 52. Ka3
e2 0-1

[Event "Schachfestival Basel"]
[Site "?"]
[Date "2017.01.03"]
[Round "2.11"]
[White "Korpa, Bence"]
[Black "Hamblok, Roel"]
[Result "1/2-1/2"]
[WhiteElo "2473"]
[BlackElo "2294"]
[PlyCount "74"]
[EventDate "2017.01.??"]
[EventType "swiss"]
[EventRounds "9"]

1. Nf3 Nf6 2. g3 b6 3. Bg2 Bb7 4. O-O g6 5. b3 Bg7 6. Bb2 O-O 7. c4 c5 8. Nc3
d6 9. d4 cxd4 10. Nxd4 Bxg2 11. Kxg2 Qc8 12. e3 Nc6 13. Qf3 Ne5 14. Qe2 Qb7+
15. Kg1 Rfd8 16. f4 Ned7 17. Qg2 Qxg2+ 18. Kxg2 Rac8 19. Kf3 Nc5 20. Rad1 a6
21. Ba1 e6 22. Nc2 d5 23. cxd5 Nxd5 24. Nxd5 exd5 25. Bxg7 Kxg7 26. Nd4 Ne4 27.
g4 h6 28. Rg1 Nc3 29. Rd2 Ne4 30. Rc2 Rxc2 31. Nxc2 b5 32. Nd4 Rc8 33. a3 Rc3
34. Rg2 Rc1 35. Rb2 Rf1+ 36. Kg2 Re1 37. Re2 Rc1 1/2-1/2

[Event "Schachfestival Basel"]
[Site "?"]
[Date "2017.01.03"]
[Round "2.12"]
[White "Thiel, Thomas"]
[Black "Collins, Sam"]
[Result "1/2-1/2"]
[WhiteElo "2297"]
[BlackElo "2455"]
[PlyCount "132"]
[EventDate "2017.01.??"]
[EventType "swiss"]
[EventRounds "9"]

1. e4 e5 2. Nf3 Nc6 3. Nc3 Nf6 4. a3 Be7 5. d4 exd4 6. Nxd4 O-O 7. Nxc6 bxc6 8.
Bd3 d5 9. O-O Bg4 10. f3 Be6 11. Kh1 Nd7 12. Bf4 Nc5 13. exd5 cxd5 14. Nb5 c6
15. Nc7 Rc8 16. Nxe6 Nxe6 17. Bg3 Bd6 18. Bxd6 Qxd6 19. b4 Rfe8 20. Qd2 Nf4 21.
Ba6 Rc7 22. Rfe1 Rce7 23. Rxe7 Qxe7 24. Rd1 Qe5 25. Bf1 h5 26. g3 Ne2 27. Bxe2
Qxe2 28. Qxe2 Rxe2 29. b5 cxb5 30. Rxd5 Rxc2 31. Rxb5 Rc3 32. Ra5 Rxf3 33. Kg2
Rc3 34. h4 Rc2+ 35. Kh3 g6 36. Rxa7 Ra2 37. a4 Kg7 38. a5 Kf6 39. a6 Ke6 40.
Ra8 Kf6 41. Ra7 Ke6 42. Ra8 Kf5 43. Rf8 f6 44. Ra8 g5 45. hxg5 fxg5 46. Rf8+
Kg6 47. Rg8+ Kh6 48. Rh8+ Kg6 49. Rg8+ Kf6 50. Rf8+ Kg7 51. Ra8 Kh7 52. g4 Ra3+
53. Kh2 Ra2+ 54. Kh3 Ra3+ 55. Kh2 hxg4 56. a7 Kg7 57. Kg2 Kh7 58. Kh2 Kg7 59.
Kg2 g3 60. Kh3 Kh7 61. Kg2 Kg7 62. Kh3 g4+ 63. Kg2 Kh7 64. Rb8 Rxa7 65. Kxg3
Ra4 66. Rb6 Kg7 1/2-1/2

[Event "Schachfestival Basel"]
[Site "?"]
[Date "2017.01.03"]
[Round "2.13"]
[White "Chu, Wei Chao"]
[Black "Kevlishvili, Robby"]
[Result "1-0"]
[WhiteElo "2289"]
[BlackElo "2417"]
[PlyCount "59"]
[EventDate "2017.01.??"]
[EventType "swiss"]
[EventRounds "9"]

1. d4 Nf6 2. c4 g6 3. Nf3 Bg7 4. g3 c5 5. d5 b5 6. cxb5 Qa5+ 7. Bd2 Qxb5 8. Nc3
Qb6 9. Bg2 d6 10. O-O O-O 11. Qc1 Bb7 12. e4 Na6 13. Bh6 Nb4 14. Bxg7 Kxg7 15.
Rd1 Ba6 16. e5 dxe5 17. Nxe5 Qd6 18. Nc6 Rfc8 19. Ne4 Nxe4 20. Bxe4 Bb5 21.
Qc3+ Kg8 22. a3 Bxc6 23. dxc6 Qe6 24. axb4 Qxe4 25. b5 Qe2 26. Qxc5 Qxb2 27. c7
Qb3 28. Qxe7 Qxb5 29. Rd8+ Kg7 30. Qf8+ 1-0

[Event "Schachfestival Basel"]
[Site "?"]
[Date "2017.01.03"]
[Round "2.14"]
[White "Seul, Georg"]
[Black "Meier, Volker"]
[Result "1-0"]
[WhiteElo "2405"]
[BlackElo "2284"]
[PlyCount "147"]
[EventDate "2017.01.??"]
[EventType "swiss"]
[EventRounds "9"]

1. e4 c5 2. Nf3 d6 3. c3 Nf6 4. h3 Nbd7 5. Bd3 g6 6. O-O Bg7 7. Bc2 O-O 8. d4
Qc7 9. Qe2 e5 10. d5 a6 11. a4 b6 12. Na3 Re8 13. Be3 h6 14. Nc4 Nh5 15. Qd2 g5
16. Rfe1 Nf4 17. h4 f6 18. Nh2 Rb8 19. Bd1 Nf8 20. Bg4 N4g6 21. Bxc8 Rexc8 22.
hxg5 fxg5 23. Qe2 Nf4 24. Qd1 b5 25. axb5 axb5 26. Na5 Ra8 27. b4 c4 28. g3 Nd3
29. Rf1 Qf7 30. Qf3 Nd7 31. Qxf7+ Kxf7 32. f3 Bf8 33. Ra2 Ra6 34. Rfa1 Rca8 35.
Ng4 Nf6 36. Nxf6 Kxf6 37. Ra3 Be7 38. Nxc4 Rxa3 39. Rxa3 Rc8 40. Na5 Ne1 41.
Kf2 Nc2 42. Rb3 Nxe3 43. Kxe3 h5 44. Ra3 h4 45. Kf2 Bd8 46. Kg2 Bb6 47. Nb7 Ke7
48. Ra6 Bc7 49. Kh3 Rf8 50. Kg4 Rh8 51. Ra2 Bb6 52. Kh3 Rf8 53. Ra6 Bc7 54. Kg4
Rh8 55. Ra2 Bb6 56. gxh4 gxh4 57. Rh2 Rg8+ 58. Kxh4 Be3 59. Ra2 Bf4 60. Ra6 Rg6
61. Rc6 Rh6+ 62. Kg4 Rg6+ 63. Kh3 Rg3+ 64. Kh4 Rg6 65. Rc7+ Ke8 66. c4 bxc4 67.
Rxc4 Kd7 68. Rc6 Rg2 69. Nxd6 Bg5+ 70. Kh3 Rb2 71. Nc4 Rxb4 72. Nxe5+ Ke7 73.
Kg4 Bf6 74. Re6+ 1-0

[Event "Schachfestival Basel"]
[Site "?"]
[Date "2017.01.03"]
[Round "2.15"]
[White "Rahnfeld, Jens"]
[Black "Alvarez Marquez, Johan"]
[Result "0-1"]
[WhiteElo "2274"]
[BlackElo "2404"]
[PlyCount "96"]
[EventDate "2017.01.??"]
[EventType "swiss"]
[EventRounds "9"]

1. e4 c5 2. Nf3 Nc6 3. d4 cxd4 4. Nxd4 e5 5. Nb5 d6 6. N1c3 a6 7. Na3 b5 8. Nd5
Nge7 9. c4 Nxd5 10. cxd5 Nd4 11. Bd3 Be7 12. O-O O-O 13. Nc2 Nxc2 14. Qxc2 Bd7
15. Bd2 Qb6 16. Rfc1 Rfc8 17. Qb3 Bd8 18. a3 a5 19. Rxc8 Rxc8 20. Rc1 Rxc1+ 21.
Bxc1 Qb7 22. Be3 Bb6 23. Bxb6 Qxb6 24. Qc3 b4 25. axb4 axb4 26. Qc4 Kf8 27. h3
Ke7 28. Be2 g6 29. Bg4 f5 30. exf5 gxf5 31. Be2 e4 32. g4 Qc5 33. gxf5 Qxc4 34.
Bxc4 Bxf5 35. Kg2 Kf6 36. Kg3 Ke5 37. Bb3 Bg6 38. Kg4 Bf7 39. Kg5 Bxd5 40. Bd1
Be6 41. h4 d5 42. f4+ exf3 43. Bxf3 d4 44. Bd1 Bf5 45. h5 d3 46. Bf3 d2 47. Bd1
Bd3 48. Kg4 Ke4 0-1

[Event "Schachfestival Basel"]
[Site "?"]
[Date "2017.01.03"]
[Round "2.16"]
[White "Filipovic, Branko"]
[Black "Arcuti, Davide"]
[Result "1-0"]
[WhiteElo "2402"]
[BlackElo "2269"]
[PlyCount "85"]
[EventDate "2017.01.??"]
[EventType "swiss"]
[EventRounds "9"]

1. d4 Nf6 2. Bf4 e6 3. Nf3 b6 4. e3 Bb7 5. Nbd2 Be7 6. h3 O-O 7. Bd3 c5 8. O-O
Nc6 9. c3 d5 10. Qe2 Re8 11. Rad1 Bd6 12. Ne5 Qc7 13. Nxc6 Bxc6 14. Bxd6 Qxd6
15. f4 b5 16. Nf3 c4 17. Bb1 b4 18. cxb4 Qxb4 19. Rc1 Rab8 20. Rf2 Rb6 21. Ne5
Reb8 22. f5 Be8 23. fxe6 fxe6 24. Ng4 Qe7 25. Nxf6+ gxf6 26. Bc2 Rxb2 27. Qg4+
Kh8 28. Qh4 Qg7 29. Rxf6 Bf7 30. Rh6 Bg8 31. Rg6 Rxc2 32. Rxg7 Rxc1+ 33. Kh2
Kxg7 34. Qg3+ Kf6 35. Qxb8 Bf7 36. e4 Rd1 37. Qe5+ Ke7 38. exd5 c3 39. Qc7+ Kf6
40. Qf4+ Ke7 41. d6+ Kd7 42. Qxf7+ Kxd6 43. Qxa7 1-0

[Event "Schachfestival Basel"]
[Site "?"]
[Date "2017.01.03"]
[Round "2.17"]
[White "Metz, Hartmut"]
[Black "Beukema, Stefan"]
[Result "1-0"]
[WhiteElo "2255"]
[BlackElo "2398"]
[PlyCount "81"]
[EventDate "2017.01.??"]
[EventType "swiss"]
[EventRounds "9"]

1. d4 f5 2. g3 Nf6 3. Bg2 g6 4. c3 Bg7 5. Qb3 Nc6 6. Bf4 e6 7. Nd2 d6 8. h4 Qe7
9. Nh3 e5 10. dxe5 dxe5 11. Bg5 h6 12. Bxf6 Qxf6 13. O-O-O Nd8 14. e4 Be6 15.
Qc2 O-O 16. h5 Nc6 17. hxg6 f4 18. Nb3 f3 19. Bf1 b6 20. Ba6 Rad8 21. Ng1 Bg4
22. Bc4+ Kh8 23. Rd3 h5 24. Kb1 Rxd3 25. Qxd3 Rd8 26. Qe3 Qxg6 27. Nxf3 Bh6 28.
Nh4 Qf6 29. f4 Kg7 30. Ng2 Ne7 31. Be2 Ng6 32. Bxg4 exf4 33. gxf4 hxg4 34. Nd4
Rxd4 35. Qxd4 Qxd4 36. cxd4 Nxf4 37. Nxf4 Bxf4 38. Rh4 Be3 39. Rxg4+ Kf6 40.
e5+ Kf5 41. e6 1-0

[Event "Schachfestival Basel"]
[Site "?"]
[Date "2017.01.03"]
[Round "2.18"]
[White "Anwesh, Upadhyaya"]
[Black "Stillger, Bernhard"]
[Result "0-1"]
[WhiteElo "2384"]
[BlackElo "2261"]
[PlyCount "84"]
[EventDate "2017.01.??"]
[EventType "swiss"]
[EventRounds "9"]

1. c4 c5 2. g3 g6 3. Bg2 Bg7 4. Nc3 Nc6 5. Nf3 d6 6. O-O e6 7. d3 Nge7 8. Bg5
h6 9. Bd2 O-O 10. Qc1 Kh7 11. a3 b6 12. Rb1 Bb7 13. b4 Qd7 14. Rd1 Nd4 15. Nxd4
cxd4 16. Na2 Bxg2 17. Kxg2 Rac8 18. Qc2 Rc7 19. Rdc1 Rfc8 20. Qb3 d5 21. cxd5
Nxd5 22. Rxc7 Rxc7 23. Rc1 b5 24. Rc2 Qc8 25. Rxc7 Qxc7 26. Nc1 h5 27. Qd1 Nc3
28. Qc2 a5 29. Bxc3 axb4 30. axb4 Qc6+ 31. f3 Qxc3 32. Qxc3 dxc3 33. Kf2 c2 34.
Ke3 Bh6+ 35. f4 g5 36. d4 gxf4+ 37. gxf4 Kg6 38. Ke4 Bf8 39. f5+ exf5+ 40. Kd3
Bxb4 41. Kxc2 Bd6 42. Kc3 Bxh2 0-1

[Event "Schachfestival Basel"]
[Site "?"]
[Date "2017.01.03"]
[Round "2.19"]
[White "Low, Zhen Yu Cyrus"]
[Black "Engel, Luis"]
[Result "1-0"]
[WhiteElo "2245"]
[BlackElo "2373"]
[PlyCount "187"]
[EventDate "2017.01.??"]
[EventType "swiss"]
[EventRounds "9"]

1. e4 c5 2. Ne2 d6 3. g3 g6 4. Bg2 Bg7 5. c3 h5 6. d4 cxd4 7. cxd4 h4 8. Nbc3
Nf6 9. Bg5 Qa5 10. Qd2 Bg4 11. e5 dxe5 12. Bxb7 exd4 13. Nxd4 O-O 14. Bxa8 Na6
15. Bf3 Rd8 16. Nc6 Rxd2 17. Nxa5 Rxb2 18. O-O-O Bxf3 19. Bxf6 Rxf2 20. Rhf1
Rxf1 21. Rxf1 Bg2 22. Bxg7 Bxf1 23. Bd4 hxg3 24. hxg3 Nc7 25. Nc6 a6 26. Nxe7+
Kf8 27. Ned5 Nxd5 28. Nxd5 Bc4 29. Nc3 Ke7 30. Kd2 f5 31. Ke3 g5 32. Kf3 Bf7
33. Kf2 Be6 34. Kf3 Bf7 35. a3 Bh5+ 36. Ke3 f4+ 37. gxf4 gxf4+ 38. Kxf4 Kd6 39.
Ke3 Kc6 40. Kd3 Bf7 41. Be3 Bg8 42. a4 Bf7 43. Kc2 Bc4 44. Kb2 Bd3 45. Kb3 Bf1
46. Kb4 Bd3 47. Ka5 Kb7 48. Bd4 Kc6 49. Bg1 Kb7 50. Nd5 Bc4 51. Nf6 Bf1 52. Ne4
Be2 53. Nc5+ Kc6 54. Nxa6 Bd1 55. Nb4+ Kd6 56. Kb5 Bxa4+ 57. Kxa4 Ke5 58. Kb5
Ke4 59. Kc4 Ke5 60. Nd3+ Ke4 61. Bd4 Kf3 62. Ne5+ Ke4 63. Kc5 Kf5 64. Kd5 Kf4
65. Bc5 Kf5 66. Nd3 Kf6 67. Bd6 Kf5 68. Be5 Kg5 69. Ke4 Kg6 70. Kf4 Kf7 71. Kf5
Ke7 72. Nc5 Kd8 73. Ke6 Kc8 74. Kd6 Kb8 75. Kc6+ Ka7 76. Bd6 Ka8 77. Nd7 Ka7
78. Nb6 Ka6 79. Bb8 Ka5 80. Nd5 Ka4 81. Kc5 Kb3 82. Nb4 Kc3 83. Bf4 Kb3 84. Be5
Ka4 85. Kc4 Ka5 86. Bc7+ Ka4 87. Bb6 Ka3 88. Nd3 Ka4 89. Nb2+ Ka3 90. Kc3 Ka2
91. Nc4 Kb1 92. Be3 Ka2 93. Kc2 Ka1 94. Kb3 1-0

[Event "Schachfestival Basel"]
[Site "?"]
[Date "2017.01.03"]
[Round "2.20"]
[White "Mesaros, Florian"]
[Black "Kolb, Markus"]
[Result "1/2-1/2"]
[WhiteElo "2372"]
[BlackElo "2091"]
[PlyCount "137"]
[EventDate "2017.01.??"]
[EventType "swiss"]
[EventRounds "9"]

1. Nf3 d5 2. d4 Nf6 3. c4 e6 4. Nc3 Be7 5. Bf4 O-O 6. e3 b6 7. Be2 c5 8. O-O
Nc6 9. dxc5 bxc5 10. cxd5 Nxd5 11. Nxd5 exd5 12. Rc1 Be6 13. Ne5 Nxe5 14. Bxe5
Bd6 15. Bc3 Qb6 16. Rc2 Rfd8 17. Rd2 Rd7 18. b3 Rad8 19. Bd3 c4 20. Bc2 Qc7 21.
Qh5 g6 22. Qh4 Be5 23. Bd4 Bxd4 24. Rxd4 Kg7 25. Rfd1 Qe5 26. h3 h6 27. R1d2
Qg5 28. Qxg5 hxg5 29. Bd1 Kf6 30. Be2 Ke7 31. Kf1 cxb3 32. axb3 Rb8 33. b4 Rc7
34. f3 Rbc8 35. Ra2 Rc1+ 36. Kf2 R8c7 37. b5 R1c2 38. Rxc2 Rxc2 39. Ra4 Rc7 40.
Ke1 Kd6 41. Kd2 Kc5 42. Ra1 Bd7 43. Rc1+ Kb6 44. Rxc7 Kxc7 45. Kc3 Kb6 46. Kb4
f6 47. Bd3 Be8 48. g3 f5 49. h4 gxh4 50. gxh4 Bd7 51. Be2 Be8 52. Bf1 Bd7 53.
Bd3 Be8 54. Be2 Bd7 55. f4 Be8 56. Bf1 Bd7 57. Bd3 Be6 58. Bc2 Bd7 59. Ba4 Be8
60. Bb3 Bxb5 61. Bxd5 Be8 62. Kc4 a5 63. e4 fxe4 64. Bxe4 Bf7+ 65. Kd4 a4 66.
Bc2 a3 67. Kc3 a2 68. Kb2 Kc5 69. Bxg6 1/2-1/2

[Event "Schachfestival Basel"]
[Site "?"]
[Date "2017.01.03"]
[Round "2.21"]
[White "Bauer, Christian"]
[Black "Braeunlin, Klaus"]
[Result "1-0"]
[WhiteElo "2635"]
[BlackElo "1965"]
[PlyCount "83"]
[EventDate "2017.01.??"]
[EventType "swiss"]
[EventRounds "9"]

1. g3 c6 2. Nf3 Nf6 3. Bg2 g6 4. d3 Bg7 5. e4 O-O 6. O-O d6 7. Re1 e5 8. h3 Qc7
9. c3 Nbd7 10. d4 Re8 11. Nbd2 b5 12. a4 Bb7 13. b3 a6 14. Bb2 Rad8 15. Qc2 Qb8
16. axb5 cxb5 17. d5 Rc8 18. c4 bxc4 19. Nxc4 Nb6 20. Nfd2 Nfd7 21. Qd1 f5 22.
Ba3 Nxc4 23. Nxc4 Bf8 24. exf5 gxf5 25. Qh5 Nc5 26. Qxf5 Nxb3 27. Qg5+ Kh8 28.
Nxd6 Qc7 29. Nxe8 Rxe8 30. Bxf8 Nxa1 31. Qf6+ Kg8 32. d6 Qf7 33. Qxf7+ Kxf7 34.
Bxb7 Nc2 35. Rc1 Nd4 36. d7 Rd8 37. Rc8 Rxd7 38. Bxa6 Nf3+ 39. Kg2 e4 40. Be2
Ne1+ 41. Kf1 Nf3 42. Bxf3 1-0